00929 a2200217 4500003000500000005001700005040000900022082001000031100003700041245013500078260002100213300001100234505017800245538002900423650001600452651001100468942000800479999001900487952010300506952010200609Nust20170207153545.0 cNust a005.1 aToor, Yaseer Sarfaraz (MSCS-7) aAnalysis and Optimization of Power Conservation Algorithms in mobile Ad-hoc networks Using OLSR Protocol.cYaseer Sarfaraz Toor  bMCScAugust,2009 a59 : p aIntroduction (page-1), Current power conservation techniques (page-7), Proposed power conservation algorithm (page-32), Network simulations (page-45), Conclusions (page-53). aAlmirah No 73 Shelf No 1 aMSCS Thesis aMSCS-7 cTHS c188592d188592 00102ddc40708NFICaMCSbMCSd2016-12-12l0o005.1 TOOpMCSTCS-202r2016-12-08w2016-12-12yBK 00102ddc40708NFICaMCSbMCSd2016-12-12l0o005.1 TOOpMCSTCS-24r2016-12-08w2016-12-12yBK